Stanovenie reálnej hodnoty a znalecká cena vybraného derivátového kontraktu diplomová práca

Na minha lista:
Detalhes bibliográficos
Autor principal: Giertlová, Andrea
Autor Corporativo: Fakulta podnikového manažmentu EU. Katedra podnikových financií
Outros Autores: Markovič, Peter, 1974-
Formato: Livro
Idioma:eslovaco
Publicado em: Bratislava 2022
Tags: Adicionar Tag
Sem tags, seja o primeiro a adicionar uma tag!

MARC

LEADER 00000nbm a2200000 4500
001 0285350
005 20230327091511.5
041 0 |a slo 
044 |a SK 
245 1 0 |a Stanovenie reálnej hodnoty a znalecká cena vybraného derivátového kontraktu  |b diplomová práca  |c Andrea Giertlová ; školiteľ: Peter Markovič 
264 1 |a Bratislava  |c 2022 
300 |a 68 s. 
100 1 |a Giertlová, Andrea 
700 1 |a Markovič, Peter, 1974- 
710 2 |a Fakulta podnikového manažmentu EU. Katedra podnikových financií